| 000 | 01075nam a2200301 a 4500 | ||
|---|---|---|---|
| 001 | 000008122 | ||
| 005 | 20240508102944.0 | ||
| 008 | 090915s1997 dr ab 000 0 spa d | ||
| 020 | _a8489538115 | ||
| 040 | _aDO-SdBNP | ||
| 082 |
_a338.18 _bD441a |
||
| 245 | 0 | 0 |
_aDesarrollo, agroforestería y participación comunitaria en Zambrana-Chacuey / _cManuel Serrano... [et.al.]. ; editor Víctor Ruiz. |
| 260 |
_aSanto Domingo, : _bEnda-Caribe, _c1997. |
||
| 300 |
_a142 p. : _bil., map. ; _c23 cm. |
||
| 504 | _aIncluye bibliografías (p. 113-122). | ||
| 504 | _aIncluye referencias bibliográficas y notas al pie de las páginas | ||
| 650 | 4 |
_aDesarrollo agricola _922046 |
|
| 650 | 4 |
_aTecnología agricola _919601 |
|
| 650 | 0 |
_aDesarrollo rural _922047 |
|
| 650 | 4 |
_aConservación de los suelos _922048 |
|
| 650 | 4 |
_aProyectos agroforestales _914820 |
|
| 650 | 4 |
_aAdministración forestal _922049 |
|
| 700 | 1 |
_aValerio, Mamerto _921786 |
|
| 700 | 1 |
_aSeverino, Gavino _910437 |
|
| 700 | 1 |
_aGeilfus, Frans _99325 |
|
| 700 | 1 |
_aRuiz, Víctor, _eed. _9517 |
|
| 049 | _aBNPD | ||
| 999 |
_c7899 _d7899 |
||